| 000 | 00830cam a22002653a 4500 | ||
|---|---|---|---|
| 001 | 2351 | ||
| 003 | PGUSA | ||
| 005 | 20140828083013.0 | ||
| 008 | 001001s2000||||xxu|||||s|||||000 1 eng d | ||
| 040 |
_aPGUSA _beng |
||
| 042 | _adc | ||
| 050 | 4 | _aPR | |
| 100 | 1 |
_aCraik, Dinah Maria Mulock, _d1826-1887 |
|
| 245 | 1 | 0 |
_aJohn Halifax, Gentleman _h[electronic resource] / _cDinah Maria Mulock Craik |
| 260 |
_bProject Gutenberg, _c2000 |
||
| 506 | _aPublic domain in the USA. | ||
| 516 | _aElectronic text | ||
| 653 | _aIndustrial revolution -- England -- Fiction | ||
| 653 | _aOrphans -- Fiction | ||
| 653 | _aEngland -- Social conditions -- 19th century -- Fiction | ||
| 653 | _aWorking class -- England -- Fiction | ||
| 830 | 0 |
_aProject Gutenberg _v2351 |
|
| 856 | 4 | 0 | _uhttp://www.gutenberg.org/ebooks/2351 |
| 942 | _cEB | ||
| 999 |
_c231688 _d231688 |
||